| 000 | 00351 a2200133 4500 | ||
|---|---|---|---|
| 082 | _a657 | ||
| 090 |
_c2156 _d2156 |
||
| 100 | _aM. Radhaswamy | ||
| 245 |
_aAdvanced Accountance _bTheory, Method and Application _cM. Radhaswamy |
||
| 250 | _a8th | ||
| 260 |
_aNew Delhi, India _bSultan Chand & Sons _c1994 |
||
| 300 | _a264 | ||
| 942 |
_aNBS _cBK _k657 GUP |
||
| 999 |
_c344658 _d344658 |
||